[Event "43. Olimpiada Batumi 2018 Femenina"]
[Site "Batumi GEO"]
[Date "2018.10.05"]
[Round "11.2"]
[White "Latreche, Sabrina"]
[Black "Jorge, Rita Maria Osorio"]
[Result "1-0"]
[WhiteElo "2056"]
[BlackElo "1870"]
[PlyCount "65"]
[EventDate "2018.09.24"]
[EventType "team-swiss"]
[EventRounds "11"]
[EventCountry "GEO"]
[SourceTitle "Ajedrez en Madrid"]
[Source "lmi"]
[SourceDate "2018.09.24"]
[WhiteTeam "Algeria"]
[BlackTeam "Portugal"]
[WhiteTeamCountry "ALG"]
[BlackTeamCountry "POR"]

1. e4 e5 2. Nf3 Nc6 3. Bc4 Bc5 4. c3 Nf6 5. d4 exd4 6. cxd4 Bb4+ 7. Bd2 Bxd2+
8. Nbxd2 d5 9. exd5 Nxd5 10. Qb3 Nce7 11. O-O O-O 12. Rfe1 c6 13. Ne4 Nb6 14.
Bd3 h6 15. Rac1 Be6 16. Qa3 Nf5 17. Nc5 Nxd4 18. Nxd4 Qxd4 19. Nxb7 Bd5 20. h3
Rfe8 21. Nd6 Rxe1+ 22. Rxe1 Nd7 23. Nf5 Qc5 24. b4 Qb6 25. Qc3 Nf6 26. Nxh6+
gxh6 27. Qxf6 c5 28. Qf5 Be6 29. Qh7+ Kf8 30. Qh8+ Ke7 31. Qxa8 Qxb4 32. Qxa7+
Kf6 33. Re3 1-0

[Event "43. Olimpiada Batumi 2018 Femenina"]
[Site "Batumi GEO"]
[Date "2018.10.05"]
[Round "11.3"]
[White "Silva, Mariana Sofia T"]
[Black "Toubal, Hayat"]
[Result "0-1"]
[WhiteElo "1924"]
[BlackElo "1862"]
[PlyCount "86"]
[EventDate "2018.09.24"]
[EventType "team-swiss"]
[EventRounds "11"]
[EventCountry "GEO"]
[SourceTitle "Ajedrez en Madrid"]
[Source "lmi"]
[SourceDate "2018.09.24"]
[WhiteTeam "Portugal"]
[BlackTeam "Algeria"]
[WhiteTeamCountry "POR"]
[BlackTeamCountry "ALG"]

1. e4 c6 2. d4 d5 3. e5 g6 4. Bd3 h5 5. Nf3 Bg4 6. h3 Bxf3 7. Qxf3 e6 8. c3 Bg7
9. Na3 Nh6 10. O-O Nd7 11. Qg3 Nf5 12. Bxf5 exf5 13. e6 Nf8 14. exf7+ Kxf7 15.
Re1 Ne6 16. Bd2 Qd7 17. Nc2 a5 18. Re2 Rae8 19. Rae1 Bf6 20. b4 a4 21. b5 cxb5
22. Nb4 Ng7 23. Qf3 Re4 24. Nd3 b6 25. Bf4 Rc8 26. Ne5+ Bxe5 27. Bxe5 Qc6 28.
Re3 Ne8 29. g4 hxg4 30. hxg4 Rxg4+ 31. Bg3 Re4 32. Qh1 Nf6 33. f3 Rxe3 34. Rxe3
Nh5 35. Be5 b4 36. Qh4 bxc3 37. Bf4 Re8 38. Rxe8 Qxe8 39. Be5 Qe7 40. Qe1 Qg5+
41. Kf1 c2 42. f4 Nxf4 43. Qd2 c1=Q+ 0-1

[Event "43. Olimpiada Batumi 2018 Femenina"]
[Site "Batumi GEO"]
[Date "2018.10.05"]
[Round "11.4"]
[White "Nassr, Lina"]
[Black "Silva, Ana Ines Teixeira D"]
[Result "1/2-1/2"]
[WhiteElo "1854"]
[BlackElo "1890"]
[PlyCount "138"]
[EventDate "2018.09.24"]
[EventType "team-swiss"]
[EventRounds "11"]
[EventCountry "GEO"]
[SourceTitle "Ajedrez en Madrid"]
[Source "lmi"]
[SourceDate "2018.09.24"]
[WhiteTeam "Algeria"]
[BlackTeam "Portugal"]
[WhiteTeamCountry "ALG"]
[BlackTeamCountry "POR"]

1. d4 Nf6 2. Nf3 d5 3. e3 e6 4. Bd3 c5 5. b3 cxd4 6. exd4 Nc6 7. a3 Bd6 8. O-O
O-O 9. Bb2 b6 10. Nbd2 Bb7 11. Ne5 Rc8 12. f4 Qc7 13. Qf3 Ne7 14. Rac1 a6 15.
g4 b5 16. Rfe1 Ng6 17. Re3 Qe7 18. g5 Ne4 19. Nxe4 dxe4 20. Bxe4 Bxe4 21. Qxe4
Bxa3 22. Bxa3 Qxa3 23. Rf1 Qb2 24. Rf2 Rfd8 25. Nf3 Ne7 26. Rd2 Nf5 27. Re1 Nd6
28. Qe2 Qc3 29. Red1 Nf5 30. Qe4 a5 31. Kh1 Qe3 32. Qxe3 Nxe3 33. Ra1 Ra8 34.
Re2 Nd5 35. c4 bxc4 36. bxc4 Nxf4 37. Rea2 Rdb8 38. h4 Kf8 39. Kh2 Rb3 40. Kg3
Nd3 41. Rxa5 Rxa5 42. Rxa5 e5 43. Nd2 Rb2 44. Ne4 exd4 45. Rd5 Nc1 46. c5 Rc2
47. Kf3 d3 48. Ke3 Ke7 49. Nf2 f6 50. gxf6+ gxf6 51. Nxd3 Re2+ 52. Kf3 Nxd3 53.
Rxd3 Re5 54. Rc3 Kd7 55. c6+ Kc7 56. Kf4 Ra5 57. Rc4 Re5 58. Kg4 Ra5 59. Rf4
f5+ 60. Rxf5 Rxf5 61. Kxf5 Kxc6 62. Kf6 Kd6 63. h5 h6 64. Kg6 Ke6 65. Kg7 Ke7
66. Kxh6 Kf7 67. Kh7 Kf8 68. h6 Kf7 69. Kh8 Kf8 1/2-1/2

[Event "43. Olimpiada Batumi 2018 Femenina"]
[Site "Batumi GEO"]
[Date "2018.10.05"]
[Round "11.1"]
[White "Botlhole, Kgalalelo"]
[Black "Puuska, Heini"]
[Result "0-1"]
[WhiteElo "1719"]
[BlackElo "1961"]
[PlyCount "76"]
[EventDate "2018.09.24"]
[EventType "team-swiss"]
[EventRounds "11"]
[EventCountry "GEO"]
[SourceTitle "Ajedrez en Madrid"]
[Source "lmi"]
[SourceDate "2018.09.24"]
[WhiteTeam "Botswana"]
[BlackTeam "Finland"]
[WhiteTeamCountry "BOT"]
[BlackTeamCountry "FIN"]

1. c4 Nf6 2. Nc3 e6 3. g3 d5 4. d4 b6 5. cxd5 exd5 6. Bg2 Bb7 7. Nf3 Be7 8. O-O
O-O 9. Bf4 c6 10. Rc1 Nbd7 11. Re1 Re8 12. Ne5 Nxe5 13. Bxe5 Qd7 14. Qd3 Rad8
15. Qc2 Nh5 16. Bf3 Nf6 17. Bg2 h6 18. Qa4 Ba8 19. b4 Nh7 20. Bf4 Bf6 21. Red1
Ng5 22. Bxg5 Bxg5 23. e3 Be7 24. Qb3 Bb7 25. a4 a6 26. Rc2 Qd6 27. Rb1 Bc8 28.
b5 Bf5 29. e4 dxe4 30. Nxe4 Qg6 31. Rxc6 Bd6 32. Nxd6 Rxd6 33. Rxd6 Qxd6 34.
Rd1 a5 35. Bc6 Re2 36. Qf3 Qe6 37. d5 Re1+ 38. Kg2 Bh3# 0-1

[Event "43. Olimpiada Batumi 2018 Femenina"]
[Site "Batumi GEO"]
[Date "2018.10.05"]
[Round "11.2"]
[White "Dannenberg, Alia"]
[Black "Ndachipiwa, Kgomotso"]
[Result "1-0"]
[WhiteElo "1926"]
[BlackElo "1611"]
[PlyCount "111"]
[EventDate "2018.09.24"]
[EventType "team-swiss"]
[EventRounds "11"]
[EventCountry "GEO"]
[SourceTitle "Ajedrez en Madrid"]
[Source "lmi"]
[SourceDate "2018.09.24"]
[WhiteTeam "Finland"]
[BlackTeam "Botswana"]
[WhiteTeamCountry "FIN"]
[BlackTeamCountry "BOT"]

1. e4 e5 2. Nc3 Nc6 3. f4 Bc5 4. Nf3 d6 5. Bb5 Bd7 6. Na4 Bb6 7. Nxb6 axb6 8.
d3 exf4 9. Bxf4 Qf6 10. Qc1 h6 11. O-O Qe6 12. Bc4 Qe7 13. e5 d5 14. Bb3 Na5
15. Qe3 Nxb3 16. axb3 Qd8 17. e6 fxe6 18. Bxc7 Qc8 19. Rxa8 Qxa8 20. Ne5 Nf6
21. Ng6 Rg8 22. Qxb6 Bc6 23. Qc5 Kf7 24. Ne5+ Ke8 25. Qd6 Qc8 26. Ra1 Bd7 27.
Ng6 Kf7 28. Ne7 Qf8 29. Nxg8 Kxg8 30. Qxf8+ Kxf8 31. Bd6+ Kf7 32. Ra8 Kg6 33.
h3 h5 34. b4 Bc6 35. b3 b5 36. Ra6 Be8 37. Be5 Kf5 38. Bxf6 Kxf6 39. Kf2 Ke5
40. Ke3 d4+ 41. Kf3 g5 42. Rb6 Bd7 43. Kg3 Kf5 44. Rd6 Bc8 45. Rxd4 e5 46. Rd5
h4+ 47. Kf2 Ba6 48. Ke3 Bb7 49. c4 Ke6 50. Ke4 Bxd5+ 51. cxd5+ Kd6 52. d4 exd4
53. Kxd4 Kd7 54. Kc5 Kc7 55. Kxb5 Kd6 56. Kc4 1-0

[Event "43. Olimpiada Batumi 2018 Femenina"]
[Site "Batumi GEO"]
[Date "2018.10.05"]
[Round "11.3"]
[White "Besa, Masaiti"]
[Black "Norlamo, Sarabella"]
[Result "1-0"]
[WhiteElo "1777"]
[BlackElo "1874"]
[PlyCount "129"]
[EventDate "2018.09.24"]
[EventType "team-swiss"]
[EventRounds "11"]
[EventCountry "GEO"]
[SourceTitle "Ajedrez en Madrid"]
[Source "lmi"]
[SourceDate "2018.09.24"]
[WhiteTeam "Botswana"]
[BlackTeam "Finland"]
[WhiteTeamCountry "BOT"]
[BlackTeamCountry "FIN"]

1. d4 d5 2. Bf4 Nf6 3. e3 e6 4. Nd2 c5 5. c3 Nc6 6. Bd3 Bd6 7. Bg3 Bxg3 8. hxg3
Qe7 9. Ngf3 h6 10. Bb5 Bd7 11. Bxc6 Bxc6 12. Ne5 Rc8 13. Qf3 Nd7 14. Nxd7 Bxd7
15. Qg4 Qf6 16. Qh4 Qg6 17. O-O O-O 18. Nf3 Qc2 19. dxc5 Qxb2 20. Qb4 Qxb4 21.
cxb4 Rc7 22. Rfd1 Rfc8 23. Kf1 Ba4 24. Re1 Rb8 25. Rec1 Rbc8 26. Re1 Bb5+ 27.
Kg1 Rc6 28. Nd4 Bc4 29. Nxc6 Rxc6 30. Rec1 a5 31. a3 b6 32. cxb6 Rxb6 33. Rab1
Rb5 34. f3 Kh7 35. Kf2 Kg6 36. bxa5 Rxa5 37. Rc3 Kf6 38. Rb4 Ke5 39. Rb7 Kf6
40. g4 Ra4 41. Rb4 Ra5 42. a4 Ke5 43. Rc1 Kf6 44. Rcxc4 dxc4 45. Rxc4 Ra7 46.
Ke2 Rb7 47. Kd3 Rb2 48. Rc2 Rb4 49. Ra2 Rb3+ 50. Kc4 Rb8 51. Kc5 Rc8+ 52. Kb6
Rb8+ 53. Kc7 Rb3 54. a5 Rc3+ 55. Kd8 Rd3+ 56. Ke8 Rb3 57. a6 Rb8+ 58. Kd7 Ra8
59. a7 Kg5 60. g3 Kf6 61. Kc7 Ke7 62. Kb7 Rd8 63. a8=Q Rd7+ 64. Kc6 Rd6+ 65.
Kc5 1-0

[Event "43. Olimpiada Batumi 2018 Femenina"]
[Site "Batumi GEO"]
[Date "2018.10.05"]
[Round "11.4"]
[White "Rinne, Heini"]
[Black "Radikoro, Boitumelo"]
[Result "1-0"]
[WhiteElo "1760"]
[BlackElo "1593"]
[PlyCount "117"]
[EventDate "2018.09.24"]
[EventType "team-swiss"]
[EventRounds "11"]
[EventCountry "GEO"]
[SourceTitle "Ajedrez en Madrid"]
[Source "lmi"]
[SourceDate "2018.09.24"]
[WhiteTeam "Finland"]
[BlackTeam "Botswana"]
[WhiteTeamCountry "FIN"]
[BlackTeamCountry "BOT"]

1. d4 d5 2. c4 e6 3. Nc3 Nf6 4. cxd5 exd5 5. Bg5 Be7 6. e3 c6 7. Qc2 h6 8. Bh4
Be6 9. Bd3 Qc8 10. Nge2 Qd8 11. O-O O-O 12. Rad1 Re8 13. f3 Bc8 14. Bf2 Nbd7
15. Qc1 Nf8 16. h3 Bd7 17. e4 dxe4 18. fxe4 N6h7 19. e5 Bg5 20. Qc2 Be6 21. a3
Bh4 22. Ne4 Bxf2+ 23. Rxf2 Qc7 24. Nd6 Re7 25. Nf4 Kh8 26. Nxe6 fxe6 27. Rdf1
Kg8 28. h4 Rd8 29. Kh1 Rxd6 30. exd6 Qxd6 31. Qc5 Qxc5 32. dxc5 Nf6 33. b4 N8d7
34. Bc4 Nd5 35. Re1 e5 36. Rf5 g6 37. Rf2 Kg7 38. Rfe2 Kf6 39. Rf2+ Kg7 40.
Rfe2 Kf8 41. Kg1 Kg7 42. Rd2 N7f6 43. b5 e4 44. bxc6 bxc6 45. Rb2 Nc3 46. Rb8
Na4 47. Rc8 Nxc5 48. Rxc6 Na4 49. Rf1 Ne8 50. Re6 Rxe6 51. Bxe6 Nf6 52. Rc1 a5
53. Rc7+ Kh8 54. Kf2 Nb2 55. Ke3 a4 56. g4 g5 57. hxg5 hxg5 58. Rf7 Ne8 59.
Rf8+ 1-0

[Event "43. Olimpiada Batumi 2018 Femenina"]
[Site "Batumi GEO"]
[Date "2018.10.05"]
[Round "11.1"]
[White "Milligan, Helen"]
[Black "Agrest, Inna"]
[Result "1/2-1/2"]
[WhiteElo "1942"]
[BlackElo "2283"]
[PlyCount "49"]
[EventDate "2018.09.24"]
[EventType "team-swiss"]
[EventRounds "11"]
[EventCountry "GEO"]
[SourceTitle "Ajedrez en Madrid"]
[Source "lmi"]
[SourceDate "2018.09.24"]
[WhiteTeam "New Zealand"]
[BlackTeam "Sweden"]
[WhiteTeamCountry "NZL"]
[BlackTeamCountry "SWE"]

1. e4 e5 2. Nf3 Nc6 3. Bc4 Nf6 4. d3 Bc5 5. c3 a6 6. Bb3 Ba7 7. Nbd2 d6 8. Nf1
h6 9. Ng3 Qe7 10. Qe2 g6 11. h3 Nd7 12. O-O Nc5 13. Bd5 Ne6 14. Re1 Ncd8 15.
Be3 Nf4 16. Qd2 g5 17. d4 Rg8 18. dxe5 dxe5 19. Bxa7 Rxa7 20. Nf5 Qf6 21. Rad1
Ra8 22. Bb3 Nc6 23. Bd5 Nd8 24. Bb3 Nc6 25. Bd5 1/2-1/2

[Event "43. Olimpiada Batumi 2018 Femenina"]
[Site "Batumi GEO"]
[Date "2018.10.05"]
[Round "11.2"]
[White "Bengtsson, Jessica"]
[Black "Punsalan, Vyanla M"]
[Result "1-0"]
[WhiteElo "1986"]
[BlackElo "1932"]
[PlyCount "101"]
[EventDate "2018.09.24"]
[EventType "team-swiss"]
[EventRounds "11"]
[EventCountry "GEO"]
[SourceTitle "Ajedrez en Madrid"]
[Source "lmi"]
[SourceDate "2018.09.24"]
[WhiteTeam "Sweden"]
[BlackTeam "New Zealand"]
[WhiteTeamCountry "SWE"]
[BlackTeamCountry "NZL"]

1. e4 c5 2. c3 Nf6 3. e5 Nd5 4. d4 cxd4 5. Nf3 e6 6. cxd4 d6 7. Bc4 Nb6 8. Bb3
d5 9. O-O Be7 10. Bc2 Nc6 11. Nc3 a6 12. a3 Rb8 13. Ne2 Nd7 14. Nf4 g6 15. g3
Nf8 16. h4 h6 17. Ng2 b5 18. Be3 g5 19. Qd2 Rg8 20. h5 Rb7 21. Nh2 f5 22. exf6
Bxf6 23. Ng4 e5 24. Nxe5 Bxe5 25. dxe5 Nxe5 26. Qe2 Bg4 27. f3 Nxf3+ 28. Rxf3
Bxf3 29. Qxf3 Rf7 30. Qe2 Re7 31. Qf2 Rf7 32. Qe2 Re7 33. Qf2 Rf7 34. Qd2 Qd6
35. Re1 Re7 36. b4 Nd7 37. Bg6+ Kd8 38. Qc3 Rf8 39. Rc1 Re6 40. Bd4 Ke7 41. Bg7
Qb6+ 42. Kh2 Rf2 43. Bd4 Rxg2+ 44. Kxg2 Re2+ 45. Kf1 Qe6 46. Re1 Rxe1+ 47. Qxe1
Qxe1+ 48. Kxe1 Ke6 49. Bg7 Ne5 50. Bxh6 d4 51. Bg7 1-0

[Event "43. Olimpiada Batumi 2018 Femenina"]
[Site "Batumi GEO"]
[Date "2018.10.05"]
[Round "11.3"]
[White "Zhang, Jasmine Haomo"]
[Black "Blazekovic, Nina"]
[Result "1-0"]
[WhiteElo "1899"]
[BlackElo "1819"]
[PlyCount "73"]
[EventDate "2018.09.24"]
[EventType "team-swiss"]
[EventRounds "11"]
[EventCountry "GEO"]
[SourceTitle "Ajedrez en Madrid"]
[Source "lmi"]
[SourceDate "2018.09.24"]
[WhiteTeam "New Zealand"]
[BlackTeam "Sweden"]
[WhiteTeamCountry "NZL"]
[BlackTeamCountry "SWE"]

1. d4 Nf6 2. c4 g6 3. Nc3 Bg7 4. e4 d6 5. h3 O-O 6. Bg5 Na6 7. Qd2 e5 8. d5 c6
9. g4 cxd5 10. cxd5 Nc5 11. f3 Bd7 12. h4 Qa5 13. h5 Nb3 14. Qh2 Rfc8 15. hxg6
hxg6 16. Rd1 Nd4 17. Qh4 Ne8 18. Bh6 f6 19. Bxg7 Nxg7 20. Qh7+ Kf7 21. Rh6 Rh8
22. Qxg6+ Kg8 23. Rxh8+ Kxh8 24. Rd2 Kg8 25. Rh2 Rf8 26. Rh7 Rf7 27. g5 fxg5
28. Qh6 Re7 29. Rh8+ Kf7 30. Qxg5 Qc5 31. Rh6 Nc2+ 32. Kd2 Qf2+ 33. Be2 Ba4 34.
Nxa4 Qe1+ 35. Kxc2 Rc7+ 36. Nc3 b5 37. Qf6+ 1-0

[Event "43. Olimpiada Batumi 2018 Femenina"]
[Site "Batumi GEO"]
[Date "2018.10.05"]
[Round "11.4"]
[White "Zaritovskaja, Margarita"]
[Black "Qin, Nicole Shu Yu"]
[Result "1-0"]
[WhiteElo "1731"]
[BlackElo "1790"]
[PlyCount "57"]
[EventDate "2018.09.24"]
[EventType "team-swiss"]
[EventRounds "11"]
[EventCountry "GEO"]
[SourceTitle "Ajedrez en Madrid"]
[Source "lmi"]
[SourceDate "2018.09.24"]
[WhiteTeam "Sweden"]
[BlackTeam "New Zealand"]
[WhiteTeamCountry "SWE"]
[BlackTeamCountry "NZL"]

1. e4 e6 2. d4 d5 3. Nc3 Bb4 4. Nge2 dxe4 5. a3 Ba5 6. b4 Bb6 7. Nxe4 f5 8. Nc5
Bxc5 9. bxc5 Nf6 10. Nf4 O-O 11. Bc4 Re8 12. O-O Nd5 13. Re1 Nxf4 14. Bxf4 Nc6
15. d5 Na5 16. Ba2 b6 17. dxe6 Qe7 18. Qh5 Ba6 19. Qxf5 Bc4 20. Bxc4 Nxc4 21.
c6 Nd6 22. Qg4 Qf6 23. Rad1 Rad8 24. Bg5 Qg6 25. e7 Rc8 26. Re6 Qxc2 27. Rde1
Kh8 28. Rxd6 cxd6 29. Qxc8 1-0

[Event "43. Olimpiada Batumi 2018 Femenina"]
[Site "Batumi GEO"]
[Date "2018.10.05"]
[Round "11.1"]
[White "Mencos Castillo, Maria"]
[Black "Shabanaj, Eglantina"]
[Result "1-0"]
[WhiteElo "1888"]
[BlackElo "1953"]
[PlyCount "111"]
[EventDate "2018.09.24"]
[EventType "team-swiss"]
[EventRounds "11"]
[EventCountry "GEO"]
[SourceTitle "Ajedrez en Madrid"]
[Source "lmi"]
[SourceDate "2018.09.24"]
[WhiteTeam "Guatemala"]
[BlackTeam "Albania"]
[WhiteTeamCountry "GUA"]
[BlackTeamCountry "ALB"]

1. e4 e5 2. Nf3 Nc6 3. Bc4 Nf6 4. d3 Be7 5. c3 d6 6. Nbd2 O-O 7. Bb3 Na5 8. Bc2
c5 9. h3 Nc6 10. O-O Ne8 11. Nc4 f5 12. exf5 Bxf5 13. Ne3 Bg6 14. Nd5 Nf6 15.
Bb3 Kh8 16. Nxe7 Qxe7 17. Bg5 Rad8 18. Nh4 Qe8 19. Nxg6+ Qxg6 20. f4 d5 21.
Bxf6 Rxf6 22. fxe5 Nxe5 23. d4 Nd3 24. Rxf6 gxf6 25. dxc5 d4 26. cxd4 Rxd4 27.
Qf3 Nxc5 28. Rc1 b6 29. Qa8+ Kg7 30. Qxa7+ Kh6 31. Qf7 Rd2 32. Qxg6+ hxg6 33.
Bc2 Ne6 34. b4 Nd4 35. Bd1 Rxa2 36. Bf3 Rb2 37. Rc4 Nxf3+ 38. gxf3 Kg5 39. Rg4+
Kf5 40. Re4 b5 41. h4 Rc2 42. Kf1 Rb2 43. Kg1 Rc2 44. Kf1 Rc4 45. Rxc4 bxc4 46.
Ke2 Ke5 47. Kd2 Kd4 48. Kc2 f5 49. f4 c3 50. b5 Kc5 51. Kxc3 Kxb5 52. Kd4 Kb4
53. Ke5 Kc4 54. Kf6 Kd4 55. Kxg6 Ke4 56. Kg5 1-0

[Event "43. Olimpiada Batumi 2018 Femenina"]
[Site "Batumi GEO"]
[Date "2018.10.05"]
[Round "11.2"]
[White "Shabanaj, Alda"]
[Black "Cruz Lima, Kimberly Esmeralda"]
[Result "0-1"]
[WhiteElo "1853"]
[BlackElo "1626"]
[PlyCount "70"]
[EventDate "2018.09.24"]
[EventType "team-swiss"]
[EventRounds "11"]
[EventCountry "GEO"]
[SourceTitle "Ajedrez en Madrid"]
[Source "lmi"]
[SourceDate "2018.09.24"]
[WhiteTeam "Albania"]
[BlackTeam "Guatemala"]
[WhiteTeamCountry "ALB"]
[BlackTeamCountry "GUA"]

1. d4 e6 2. Nf3 c5 3. e3 Nc6 4. c3 Nf6 5. Bd3 d5 6. Nbd2 Be7 7. O-O O-O 8. Re1
Qc7 9. e4 dxe4 10. Nxe4 cxd4 11. cxd4 Rd8 12. Nfg5 h6 13. Nxf6+ Bxf6 14. Ne4
Bxd4 15. Qe2 Ne5 16. Bf4 Qa5 17. Bxe5 Qxe5 18. Qf3 Qf5 19. Qg3 Be5 20. Nf6+
Qxf6 21. Rxe5 Rxd3 22. Qxd3 Qxe5 23. h3 Qc7 24. Rd1 b6 25. Qb5 Bb7 26. Rd7 Bc6
27. Rxc7 Bxb5 28. b3 Bd3 29. a3 a5 30. Rc3 Be4 31. f3 Bd5 32. Kf2 b5 33. a4 b4
34. Rd3 Rc8 35. Kg3 Rc3 0-1

[Event "43. Olimpiada Batumi 2018 Femenina"]
[Site "Batumi GEO"]
[Date "2018.10.05"]
[Round "11.3"]
[White "Mazariegos, Silvia Carolina"]
[Black "Gjergji, Rozana"]
[Result "1-0"]
[WhiteElo "1922"]
[BlackElo "1924"]
[PlyCount "93"]
[EventDate "2018.09.24"]
[EventType "team-swiss"]
[EventRounds "11"]
[EventCountry "GEO"]
[SourceTitle "Ajedrez en Madrid"]
[Source "lmi"]
[SourceDate "2018.09.24"]
[WhiteTeam "Guatemala"]
[BlackTeam "Albania"]
[WhiteTeamCountry "GUA"]
[BlackTeamCountry "ALB"]

1. d4 Nf6 2. e3 e6 3. Bd3 c5 4. c3 Nc6 5. f4 b6 6. Nf3 Bb7 7. Qe2 Be7 8. Nbd2
cxd4 9. exd4 Qc7 10. Ne4 Nh5 11. Ne5 Nf6 12. O-O d6 13. Nxf7 Kxf7 14. Ng5+ Ke8
15. Nxe6 Qb8 16. Nxg7+ Kf7 17. Nh5 Rg8 18. Re1 Qc8 19. Nxf6 Kxf6 20. d5 Qg4 21.
dxc6 Qxe2 22. Rxe2 Bxc6 23. Be3 h5 24. Rae1 Rae8 25. Bd4+ Kf7 26. Bf5 Kf8 27.
Be4 Bxe4 28. Rxe4 Kf7 29. Re6 Rg6 30. Rxg6 Kxg6 31. g3 Kf7 32. Kg2 Rg8 33. Kf3
Bf6 34. Bxf6 Kxf6 35. h3 Rh8 36. Re2 Kf7 37. f5 d5 38. Kf4 Rd8 39. Rd2 Kf6 40.
g4 hxg4 41. hxg4 Rh8 42. Rxd5 Rh2 43. g5+ Ke7 44. f6+ Ke6 45. Re5+ Kd6 46. Re3
Rf2+ 47. Kg3 1-0

[Event "43. Olimpiada Batumi 2018 Femenina"]
[Site "Batumi GEO"]
[Date "2018.10.05"]
[Round "11.4"]
[White "Tuzi, Bruna"]
[Black "Diaz, Luisa"]
[Result "1-0"]
[WhiteElo "1813"]
[BlackElo "1718"]
[PlyCount "107"]
[EventDate "2018.09.24"]
[EventType "team-swiss"]
[EventRounds "11"]
[EventCountry "GEO"]
[SourceTitle "Ajedrez en Madrid"]
[Source "lmi"]
[SourceDate "2018.09.24"]
[WhiteTeam "Albania"]
[BlackTeam "Guatemala"]
[WhiteTeamCountry "ALB"]
[BlackTeamCountry "GUA"]

1. e4 d5 2. exd5 Qxd5 3. Nc3 Qd6 4. Nf3 Nf6 5. d4 g6 6. Nb5 Qd8 7. c4 Bg7 8.
Be2 O-O 9. O-O c6 10. Nc3 Qc7 11. h3 Nbd7 12. Bg5 c5 13. d5 a6 14. a4 Ne5 15.
Qd2 Qd6 16. a5 Rd8 17. Qe3 Nfd7 18. Ne4 Nxf3+ 19. Bxf3 Qe5 20. b3 f5 21. Nxc5
Qxe3 22. Bxe3 Bxa1 23. Ne6 Bc3 24. Nxd8 Bxa5 25. Ne6 Ne5 26. Bc5 Nxf3+ 27. gxf3
Bxe6 28. dxe6 Rd8 29. b4 Bc7 30. Re1 Kf8 31. Kf1 b6 32. Be3 f4 33. Bc1 Bd6 34.
Rd1 Rc8 35. Rd4 Bxb4 36. Bxf4 Bc3 37. Bh6+ Ke8 38. Rd7 a5 39. Rb7 Bd4 40. Ke2
Kd8 41. Rd7+ Ke8 42. Rxd4 Rc6 43. Re4 Rc5 44. Be3 Rc6 45. Kd3 Kf8 46. Kc3 b5
47. c5 Kg7 48. Kd4 a4 49. Kd5 Rc8 50. c6 a3 51. Kc5 a2 52. Bd4+ Kf8 53. Rf4+
Kg8 54. Rf5 1-0

[Event "43. Olimpiada Batumi 2018 Femenina"]
[Site "Batumi GEO"]
[Date "2018.10.05"]
[Round "11.1"]
[White "Hamoonga, Linda Banti"]
[Black "Raya, Alnaimat"]
[Result "1-0"]
[WhiteElo "1767"]
[BlackElo "1676"]
[PlyCount "155"]
[EventDate "2018.09.24"]
[EventType "team-swiss"]
[EventRounds "11"]
[EventCountry "GEO"]
[SourceTitle "Ajedrez en Madrid"]
[Source "lmi"]
[SourceDate "2018.09.24"]
[WhiteTeam "Zambia"]
[BlackTeam "Jordan"]
[WhiteTeamCountry "ZAM"]
[BlackTeamCountry "JOR"]

1. d4 Nf6 2. c4 d6 3. Nf3 g6 4. Nc3 Bg7 5. e4 O-O 6. Be2 Nbd7 7. O-O e5 8. dxe5
dxe5 9. Bg5 c6 10. Qd6 h6 11. Bh4 g5 12. Bg3 Ne8 13. Qd2 Qe7 14. Rad1 Nef6 15.
Qd6 Qxd6 16. Rxd6 Nh5 17. Rfd1 Nxg3 18. hxg3 Re8 19. Rxd7 Bxd7 20. Rxd7 Rab8
21. g4 Red8 22. Rd3 Rxd3 23. Bxd3 Rd8 24. Ne1 Bf8 25. a3 Bc5 26. Kf1 Bd4 27.
Nd1 f6 28. Ke2 Kf7 29. Nc2 Bb6 30. Nce3 Kg6 31. Nf5 h5 32. gxh5+ Kxh5 33. b4 a5
34. Nde3 axb4 35. axb4 Rd7 36. c5 Bd8 37. Bc4 b5 38. Be6 Ra7 39. Nc2 Kg6 40.
Kd3 Be7 41. Ke3 Bf8 42. Nd6 Bh6 43. g4 Bf8 44. Nc8 Rc7 45. Kd3 Kh6 46. Ne3 Rh7
47. Nf5+ Kg6 48. Ng3 Rh2 49. Ke2 Rh8 50. Nh5 Bg7 51. Ne7+ Kh7 52. Nxc6 Ra8 53.
Nxg7 Kxg7 54. Na5 Kf8 55. c6 Ke7 56. Bd5 Rc8 57. Bb3 Kd6 58. Bd5 Rh8 59. Nb7+
Kc7 60. Nc5 Rh1 61. Nd7 Rh6 62. Nf8 Rh8 63. Ne6+ Kd6 64. c7 Rc8 65. Bb7 Rxc7
66. Nxc7 Kxc7 67. Bd5 Kb6 68. Kd3 Kc7 69. Kc3 Kb6 70. Bf7 Kc7 71. Be8 Kb6 72.
Bxb5 Kxb5 73. Kb3 Kb6 74. Kc4 Kc6 75. b5+ Kb6 76. Kb4 Kc7 77. Kc5 Kb7 78. Kd6
1-0

[Event "43. Olimpiada Batumi 2018 Femenina"]
[Site "Batumi GEO"]
[Date "2018.10.05"]
[Round "11.2"]
[White "Razan, Alshaeby"]
[Black "Bwalya Mulwale, Lubuuto"]
[Result "1-0"]
[WhiteElo "1712"]
[BlackElo "1607"]
[PlyCount "87"]
[EventDate "2018.09.24"]
[EventType "team-swiss"]
[EventRounds "11"]
[EventCountry "GEO"]
[SourceTitle "Ajedrez en Madrid"]
[Source "lmi"]
[SourceDate "2018.09.24"]
[WhiteTeam "Jordan"]
[BlackTeam "Zambia"]
[WhiteTeamCountry "JOR"]
[BlackTeamCountry "ZAM"]

1. e4 c5 2. c3 Nf6 3. e5 Nd5 4. d4 cxd4 5. cxd4 Nc6 6. Bc4 Nb6 7. Bb3 d5 8. Nc3
e6 9. Nf3 Be7 10. O-O O-O 11. Bc2 f6 12. Qd3 g6 13. a3 fxe5 14. dxe5 Nc4 15.
Re1 Rf7 16. b3 Nb6 17. Bb2 Bf8 18. Ne2 Bg7 19. Ng3 Nd7 20. Rad1 b6 21. h4 Bh6
22. Bc1 Bxc1 23. Rxc1 Nf8 24. Ng5 Rf4 25. Nxh7 Kxh7 26. h5 Kg7 27. hxg6 Qg5 28.
Bd1 Rd4 29. Qf3 Bd7 30. Qf7+ Kh6 31. g7 Nh7 32. Qxd7 Qxc1 33. Qxe6+ Kxg7 34.
Nf5+ Kh8 35. Nxd4 Nxd4 36. Qxd5 Nc6 37. Qe4 Rf8 38. Bc2 Qh6 39. Re3 Ng5 40. Qg4
Qg7 41. f4 Nd4 42. Bd3 Nh7 43. Qh4 Rc8 44. Rh3 1-0

[Event "43. Olimpiada Batumi 2018 Femenina"]
[Site "Batumi GEO"]
[Date "2018.10.05"]
[Round "11.3"]
[White "Simenda, Daisy"]
[Black "Alattar, Ghayda M"]
[Result "0-1"]
[WhiteElo "1509"]
[BlackElo "1926"]
[PlyCount "56"]
[EventDate "2018.09.24"]
[EventType "team-swiss"]
[EventRounds "11"]
[EventCountry "GEO"]
[SourceTitle "Ajedrez en Madrid"]
[Source "lmi"]
[SourceDate "2018.09.24"]
[WhiteTeam "Zambia"]
[BlackTeam "Jordan"]
[WhiteTeamCountry "ZAM"]
[BlackTeamCountry "JOR"]

1. e4 e5 2. Nf3 Nc6 3. Bb5 f5 4. exf5 e4 5. Bxc6 bxc6 6. Nd4 Qf6 7. Qh5+ g6 8.
fxg6 hxg6 9. Qg4 Qxd4 10. Qxg6+ Kd8 11. O-O Bc5 12. Nc3 Nf6 13. Ne2 Qe5 14. g3
Rg8 15. Qf7 d5 16. d4 Qe7 17. Qxe7+ Bxe7 18. Re1 Bg4 19. Nf4 Bd6 20. Ng2 Bh3
21. Ne3 Kd7 22. c4 Raf8 23. c5 Bf4 24. Kh1 Bxe3 25. fxe3 Ng4 26. Bd2 Rf2 27.
Bc3 Rxh2+ 28. Kg1 Rg2+ 0-1